Practical Oracle Security : Your Unauthorized Guide to Relationial Database Security.

This is the only practical, hands-on guide available to database administrators to secure their Oracle databases. This book will help the DBA to assess their current level of risk as well as their existing security posture. It will then provide practical, applicable knowledge to appropriately secure...

Full description

Bibliographic Details
Corporate Author: ScienceDirect (Online service)
Format: eBook
Language:English
Published: [Place of publication not identified] : Syngress Media Inc, 2007.
Subjects:
Online Access:Connect to the full text of this electronic book

MARC

Tag First Indicator Second Indicator Subfields
LEADER 00000cam a2200000Ia 4500
001 in00002425251
005 20190327171530.0
006 m d
007 cr cn|||||||||
008 070802s2007 xx s 000 0 eng d
019 |a 154658492 
020 |a 9781597491983 
020 |a 1597491985 
035 |a (OCoLC)ocn162131610 
035 |a (OCoLC)162131610  |z (OCoLC)154658492 
037 |a 141249:141392  |b Elsevier Science & Technology  |n http://www.sciencedirect.com 
040 |a OPELS  |c OPELS  |d OPELS  |d BTCTA  |d BAKER  |d YDXCP  |d UtOrBLW 
049 |a TEFA 
050 1 4 |a QA76.9.D314  |b P73 2007 
082 0 4 |a 005.8  |2 22 
245 0 0 |a Practical Oracle Security :  |b Your Unauthorized Guide to Relationial Database Security. 
264 1 |a [Place of publication not identified] :  |b Syngress Media Inc,  |c 2007. 
336 |a text  |b txt  |2 rdacontent 
337 |a computer  |b c  |2 rdamedia 
338 |a online resource  |b cr  |2 rdacarrier 
533 |a Electronic reproduction.  |b Amsterdam :  |c Elsevier Science & Technology,  |d 2007.  |n Mode of access: World Wide Web.  |n System requirements: Web browser.  |n Title from title screen (viewed on July 25, 2007).  |n Access may be restricted to users at subscribing institutions. 
520 |a This is the only practical, hands-on guide available to database administrators to secure their Oracle databases. This book will help the DBA to assess their current level of risk as well as their existing security posture. It will then provide practical, applicable knowledge to appropriately secure the Oracle database. The books companion Web site contains dozens of working scripts that DBAs can use to secure and automate their Oracle databases. * The only practical, hands-on guide for securing your Oracle database published by independent experts. * Companion Web site contains dozens of scripts to help you automate security tasks. * Your Oracle database does not exist in a vacuum, so this book shows you how to securely integrate your database into your enterprise. 
505 0 |a Chapter 1: Introduction -- Chapter 2: Installing Oracle -- Chapter 3: Post-Install Configuration -- Chapter 4: Default Accounts and Passwords -- Chapter 5: Configuring File Permissions -- Chapter 6: Permissions to PUBLIC Part 1 -- Chapter 7: Installing Oracle Patch Sets -- Chapter 8: Assessing and Maintaining Level 1 Compliance. 
500 |a Electronic resource. 
630 0 0 |a Oracle (Computer file) 
650 0 |a Database security. 
655 7 |a Electronic books.  |2 local 
776 1 |c Original  |z 9781597491983  |z 1597491985  |w (OCoLC)154658492 
710 2 |a ScienceDirect (Online service) 
856 4 0 |u http://proxy.library.tamu.edu/login?url=http://www.sciencedirect.com/science/book/9781597491983  |z Connect to the full text of this electronic book  |t 0 
938 |a Baker and Taylor  |b BTCP  |n BK0007192630 
938 |a Baker & Taylor  |b BKTY  |c 49.95  |d 49.95  |i 1597491985  |n 0007192630  |s active 
938 |a YBP Library Services  |b YANK  |n 2563354 
994 |a C0  |b TEF 
999 |a MARS 
999 f f |s be5c35fb-5f9f-392c-a4b6-5102ac956b82  |i 1724d4d0-3d21-3dca-9392-f8a0d45564da  |t 0 
952 f f |a Texas A&M University  |b College Station  |c Electronic Resources  |d Available Online  |t 0  |e QA76.9.D314 P73 2007  |h Library of Congress classification 
998 f f |a QA76.9.D314 P73 2007  |t 0  |l Available Online